00274pab a2200121 454500008004000000100001900040245003400059260000900093300001100102362000800113650002000121773001100141180718b2005 xxu||||| |||| 00| 0 eng d aSingh, Shubhra aNational rural health mission c2005 ap.2-5. aJul aHealth services aYojana